| 000 | 00379nam a22001457a 4500 | ||
|---|---|---|---|
| 003 | SGT | ||
| 020 | _a9789811513459 | ||
| 082 |
_a617.522 _bO21B |
||
| 100 | _aBonanthaya, Krishna | ||
| 245 | _aOral & Maxillofacial Surgery for the Clinician | ||
| 260 |
_bSpringer _c2021 |
||
| 300 | _aVol.1 : 1-935 Vol. 2 : 936-2008 | ||
| 650 | _aOral & Maxilofacial Surgery | ||
| 942 |
_2ddc _cBK |
||
| 999 |
_c26875 _d26875 |
||